000
00256nam a2200097Ia 4500
008
240331s9999 xx 000 0 und d
082
_a
294
_b
WAL
100
_a
Walpola Sri Rahula ,Himi
245
0
_a
Lakdiwa Budu samaye ithihasaya :
_b
Anurapura period
942
_c
L
999
_c
904
_d
904